00757nam a2200229Ia 45000010006000000050017000060070003000230080041000260400025000670410008000920820018001001000025001182450096001432500014002392600050002533000019003036530029003226530016003519420012003679520131003799990017005103810220240114001956.0ta070628s1971 g b000 u 346 u aCotton College,Assam a346 a920bBo 64 Up aBandopadhya, Jamuna. 0aUpal Byathita Gati: Bibhutibhushaner Smriti Katha /cJamuna Bandopadhya.hTextual Documents a1st ed. / aCalcutta :bMitra & Ghosh publishers ,c1971. a100p. ;c22cm. aBiography-Bibhutibhushan aG-Biography 2ddccBK 001040708Circulation (G)aSKBLbSKBLd2012-02-01f00000l0o920 Bo 64 Upp1697/Bengr2024-01-14 00:00:00t1w2012-02-01yBK c38078d38078